Putting your dollars to work / (Record no. 4149)
[ view plain ]
| 000 -LEADER | |
|---|---|
| fixed length control field | 00833cam a22002651 4500 |
| 001 - CONTROL NUMBER | |
| control field | 4149 |
| 003 - CONTROL NUMBER IDENTIFIER | |
| rucl marc code | BD-RjUL |
| 005 - DATE AND TIME OF LATEST TRANSACTION | |
| control field | 20211208233836.0 |
| 008 - FIXED-LENGTH DATA ELEMENTS--GENERAL INFORMATION | |
| fixed length control field | 131222s1948 onc 001 0 eng |
| 035 ## - SYSTEM CONTROL NUMBER | |
| System control number | (BD-RjUL)4183 |
| System control number | (OCoLC)4167096 |
| 040 ## - CATALOGING SOURCE | |
| Original cataloging agency | DLC |
| Transcribing agency | IPfsG |
| Modifying agency | DLC |
| -- | BD-RjUL |
| Language of cataloging | eng |
| 041 ## - LANGUAGE CODE | |
| Language code of text/sound track or separate title | eng |
| 082 ## - DEWEY DECIMAL CLASSIFICATION NUMBER | |
| Classification number | 332.67 |
| Author mark and year | MCP 1948 |
| 100 1# - MAIN ENTRY--PERSONAL NAME | |
| Personal name | McEachern, Ronald Alexander, |
| Dates associated with a name | 1908- |
| 9 (RLIN) | 13159 |
| 245 10 - TITLE STATEMENT | |
| Title | Putting your dollars to work / |
| Statement of responsibility, etc. | Ronald Alexander McEachern |
| 260 ## - PUBLICATION, DISTRIBUTION, ETC. (IMPRINT) | |
| Place of publication, distribution, etc. | Toronto ; |
| -- | New York : |
| Name of publisher, distributor, etc. | Oxford Univ. Press, |
| Date of publication, distribution, etc. | c1948 |
| 300 ## - PHYSICAL DESCRIPTION | |
| Pagination | xii, 347 p. ; |
| Size | 22 cm. |
| 504 ## - BIBLIOGRAPHY, ETC. NOTE | |
| Bibliography, etc | Includes index. |
| 650 #0 - SUBJECT ADDED ENTRY--TOPICAL TERM | |
| Topical term or geographic name as entry element | Investments. |
| 9 (RLIN) | 13160 |
| 856 ## - ELECTRONIC LOCATION AND ACCESS | |
| Uniform Resource Identifier | <a href="http://www.worldcat.org/title/putting-your-dollars-to-work/oclc/4167096&referer=brief_results">http://www.worldcat.org/title/putting-your-dollars-to-work/oclc/4167096&referer=brief_results</a> |
| 942 ## - ADDED ENTRY ELEMENTS (KOHA) | |
| Source of classification or shelving scheme | Dewey Decimal Classification |
| Koha item type | Books |
| Lost status | Source of classification or shelving scheme | Damaged status | Not for loan | Collection code | Permanent Location | Current Location | Shelving location | Date acquired | Source of acquisition | Cost, normal purchase price | Total Checkouts | Full call number | Date last seen | Copy number | Koha item type |
|---|---|---|---|---|---|---|---|---|---|---|---|---|---|---|---|
| Dewey Decimal Classification | Not For Loan | Non-fiction | Central Library, University of Rajshahi | Central Library, University of Rajshahi | Reading Room | 01/08/1955 | O.U.P | 12.00 | 332.67 MCP 1948 | 22/12/2013 | C-1 | Books |